000 00505nam a2200205 i 4500
001 bgj
100 1 _aHOWATCH, Susan.
245 1 0 _aGlamorous powers /
_cSusan Howatch.
260 _aNew York :
_bFawcett Crest,
_cc. 1988.
300 _a408 pp ;
_c18 cm.
650 9 _aEx-monks
_xFiction
650 9 _aClergy
_xFiction
651 9 _aEngland
_xFiction
020 _a044921728
040 _cBPK
041 0 _aeng
920 _a0-449-21728
942 _cKS
008 s uk f |000 0 eng
999 _c48347
_d48347
856 _uhttp://koha.tu.koszalin.pl/cgi-bin/koha/opac-detail.pl?biblionumber=48347
_yKatalog online BPK